LEADER 01975oam 2200457zu 450 001 9910146058103321 005 20210721060459.0 010 $a1-280-56067-3 010 $a9786610560677 010 $a3-527-60194-5 035 $a(CKB)1000000000019229 035 $a(SSID)ssj0000292334 035 $a(PQKBManifestationID)11212705 035 $a(PQKBTitleCode)TC0000292334 035 $a(PQKBWorkID)10270185 035 $a(PQKB)11044746 035 $a(MiAaPQ)EBC5247777 035 $a(Au-PeEL)EBL5247777 035 $a(CaONFJC)MIL56067 035 $a(OCoLC)824553909 035 $a(EXLCZ)991000000000019229 100 $a20160829d2002 uy 101 0 $aeng 135 $aurcnu|||||||| 181 $ctxt 182 $cc 183 $acr 200 10$aComputational Materials Science: The Simulation of Materials, Microstructures and Properties 210 31$a[Place of publication not identified]$cWiley VCH Imprint$d2002 215 $a1 online resource (392 pages) 300 $aBibliographic Level Mode of Issuance: Monograph 311 $a3-527-29541-0 330 $aModeling and simulation play an ever increasing role in the development and optimization of materials. Computational Materials Science presents the most important approaches in this new interdisciplinary field of materials science and engineering. The reader will learn to assess which numerical method is appropriate for performing simulations at the various microstructural levels and how they can be coupled. This book addresses graduate students and professionals in materials science and engineering as well as materials-oriented physicists and mechanical engineers. 608 $aElectronic books. 676 $a620.11299 700 $aRaabe$b Dierk$0856014 801 0$bPQKB 906 $aBOOK 912 $a9910146058103321 996 $aComputational Materials Science: The Simulation of Materials, Microstructures and Properties$92252765 997 $aUNINA LEADER 03773oam 2200685I 450 001 9910462191903321 005 20200520144314.0 010 $a0-7890-2080-7 010 $a1-283-70969-4 010 $a0-203-04972-1 010 $a1-136-41120-8 024 7 $a10.4324/9780203049723 035 $a(CKB)2670000000269249 035 $a(EBL)1046848 035 $a(OCoLC)817887396 035 $a(SSID)ssj0000755478 035 $a(PQKBManifestationID)11496251 035 $a(PQKBTitleCode)TC0000755478 035 $a(PQKBWorkID)10729878 035 $a(PQKB)10754591 035 $a(MiAaPQ)EBC1046848 035 $a(Au-PeEL)EBL1046848 035 $a(CaPaEBR)ebr10619018 035 $a(CaONFJC)MIL402219 035 $a(OCoLC)817224969 035 $a(EXLCZ)992670000000269249 100 $a20180706d2002 uy 0 101 0 $aeng 135 $aur|n|---||||| 181 $ctxt 182 $cc 183 $acr 200 00$aDevolution and aging policy /$fFrancis G. Caro, Robert Morris, editors 210 1$aNew York :$cHaworth Press,$d2002. 215 $a1 online resource (287 p.) 300 $a"Devolution and aging policy has been co-published simultaneously as Journal of aging & social policy, volume 14, numbers 3/4 2002." 311 $a0-7890-2081-5 320 $aIncludes bibliographical references and index. 327 $a""Cover""; ""Devolution and Aging Policy""; ""Copyright""; ""CONTENTS""; ""INTRODUCTION""; ""Devolution and Aging Policy""; ""IMPLEMENTATION OF ESTABLISHED FEDERAL-STATE PROGRAMS""; ""State Discretion and Medicaid Program Variation in Long-Term Care: When Is Enough, Enough?""; ""Devolution of Employment and Training Policy: The Case of Older Workers""; ""Volunteerism and Social Capital in Policy Implementation: Evidence from the Long-Term Care Ombudsman Program""; ""INNOVATION WITHIN ESTABLISHED FEDERAL-STATE PROGRAMS"" 327 $a""Partnership Insurance: An Innovation to Meet Long-Term Care Financing Needs in an Era of Federal Minimalism""""Implementation Issues Consumer-Directed Programs: Comparing Views of Policy Experts, Consumers, and Representatives""; ""A FEDERAL DEMONSTRATION TO STIMULATE SERVICE DEVELOPMENT WITHIN STATES""; ""Weighing the Success of a National Alzheimera???s Disease Service Demonstration""; ""PUBLIC SECTOR, STATE, AND LOCAL INITIATIVES""; ""Strengthening Senior Tax Credit Programs in Massachusetts"" 327 $a""Assessing State Efforts to Meet Baby Boomersa??? Long-Term Care Needs: A Case Study in Compensatory Federalism""""Naturally Occurring Retirement Community-Supportive Service Program: An Example of Devolution""; ""Information Technology Issues in an Era of Greater State Responsibilities: Policy Concerns for Seniors""; ""PRIVATE SECTOR INITIATIVES""; ""A Consumer Cooperative Association Specializing in Services for the Elderly""; ""Kaiser Permanentea???s Manifesto 2005 Demonstration: The Promises and Limits of Devolution""; ""Age Concerns: Innovation Through Care Management""; ""Index"" 606 $aOlder people$xGovernment policy$zUnited States 606 $aOlder people$xServices for$zUnited States 606 $aDecentralization in government$zUnited States 606 $aPrivatization$zUnited States 608 $aElectronic books. 615 0$aOlder people$xGovernment policy 615 0$aOlder people$xServices for 615 0$aDecentralization in government 615 0$aPrivatization 676 $a362.6/0973 701 $aCaro$b Francis G.$f1936-$0896702 701 $aMorris$b Robert$f1910-2005.$032879 801 0$bMiAaPQ 801 1$bMiAaPQ 801 2$bMiAaPQ 906 $aBOOK 912 $a9910462191903321 996 $aDevolution and aging policy$92003274 997 $aUNINA LEADER 01285cam a2200301 a 4500 001 991003087959707536 008 071204s2006 it 001 0bita 020 $a9788884983435 035 $ab13627491-39ule_inst 040 $aBiblioteca Interfacoltà$bita 041 $aita 082 04$a330.1 100 1 $aPapagna, Elena$0133616 245 10$aFilippo Briganti patrizio di Gallipoli :$bteoria e prassi del governo cittadino nel Settecento napoletano /$cElena Papagna ; con appendice di testi 260 $aRoma :$bEdizioni di Storia e Letteratura,$c2006 300 $a206 p. ;$c24 cm. 440 0$aBiblioteca del 18. secolo ;$v3 440 0$aSettecento italiano 504 $aCon bibliografia 600 14$aBriganti, Filippo Maria 700 1 $aBriganti, Filippo Maria.$tMemoria per lo primo ceto della città di Gallipoli 700 1 $aBriganti, Filippo Maria.$tSommario di ragioni del primo ceto de' Nobili Patrizi della Città di Gallipoli 907 $a.b13627491$b02-04-14$c04-12-07 912 $a991003087959707536 945 $aLE002 330.1 PAP$g1$i2002000746320$lle002$op$pE28.00$q-$rl$s- $t0$u6$v2$w6$x0$y.i14626512$z04-12-07 996 $aFilippo Briganti patrizio di Gallipoli$91073157 997 $aUNISALENTO 998 $ale002$b04-12-07$cm$da $e-$fita$git $h0$i0